000 00723nam a22002175i 4500
001 166674
003 ES-MaACL
005 20230906213358.0
008 050920s1889 xxk | |||||||| ||eng d
040 _aCAM
_bspa
_cCAM
100 1 _aTrotter, Lionel James.
_9133392
245 1 0 _aLife of the Marquis of Dalhousie /
_cby L.I. Trotter.
260 _aLondon :
_bW.H. Allen & Co.,
_c1889.
300 _aXIII, 235 p. ;
_c19 cm.
490 1 _aStatesmen series / edited by Lloyd C. Sanders
700 1 _aAllen, W.H.,
_eed.
_9125615
752 _aGran BretaƱa -
_dLondres
830 0 _aStatesmen series / edited by Lloyd C. Sanders
_9222567
852 _aES-MaACL
_jG-10484
_z-- Enc. ed. en tela
999 _c166674
_d166674